000 00885nam a22002537a 4500
005 20170123162343.0
010 _aB-070287
020 _c40.00
_a8187667516
035 _aB-070287
037 _bCen Lib/Ret
040 _aDPL
_bUR
082 _a005
_bن ع ی
100 _aنعیم احسن
_9129472
245 _aکمپیوٹر ہارڈویئر گائیڈ /
_bنعیم احسن
246 _aComputer hardware guide /
_bby Naeem Ahsan
260 _aدہلی
_bایجوکیشنل پبلشنگ ہاؤس
_c2002
270 _bدہلی
_a٣١٠٨، گلی عزیزددیں وکیل کوچہ پنڈت لال کوان
_e110006
300 _a132p.
_c22cm(Hb)
650 _a کمپیوٹر سائنس
_9129473
650 _a ہارڈ ویئر
_9129474
650 _aComputer science
_9129475
650 _aHardware
_998745
942 _2ddc
_cUR
_h005
_mن ع ی
999 _c108664
_d108664